000 00287nam a22001337a 4500
008 210225b ||||| |||| 00| 0 eng d
020 _a0029311101
041 _aeng
080 _a338
100 _a53
101 _aMEN
245 _aStrategic Planning
_cSteiner ,A.G
942 _2udc
_cBK
999 _c55190
_d55190